000 00945nam a2200289 i 4500
003 EG-GICUC
005 20260428092353.0
008 260428s1897 be |||fr|||| 00| 0 fre d
040 _aEG-GiCUC
_bfre
_cEG-GiCUC
_dEG-GiCUC
_eRda
041 _afre
082 0 4 _221
_a343.30493
_bPA . B
092 0 4 _221
099 _aLaw1 10 343.30493 PA . B 1897
100 1 _aPayen, Alfred
245 1 3 _aLA GRÈVE BELGIQUE JUDICIAIRE GAZETTE DES TRIBUNAUX BELGES ET ETRANGERS /
_cALFRED PAYEN, MAURICE PAYEN.
264 1 _aBRUXELLES :
_bALLIANCE TYPOGRAPHIQUE,
_c1897.
300 _a1519 page ;
_c 24 cm.
336 _2rda contenu
_a texte
337 _2rda medias
_aOrdinateur
338 _2 transporteur rda
_a Ressource en ligne
546 _aTexte en français
650 1 _aDroit de procédure pénale
_2qrmak
651 1 _2qrmak
856 4 0 _uhttps://fll.law.cu.edu.eg/fulltext/bks/B10-11684.pdf
905 _a161
942 _2ddc
_cBK
_e21
_n0
999 _c73780
_d73780